Religion and conflict resolution : Christianity and South Africa's Truth and Reconciliation Commission /

Bibliographic Details
Main Author: Shore, Megan
Corporate Author: South Africa. Truth and Reconciliation Commission
Format: Book
Language:English
Published: Farnham, England ; Burlington, VT : Ashgate Pub. Ltd., [2009]
Subjects:

MARC

Tag First Indicator Second Indicator Subfields
LEADER 00000cam a22000004a 4500
001 in00002532821
005 20151113123327.0
008 090303s2009 enk b 001 0 eng
010 |a  2009009319 
015 |a GBA981132  |2 bnb 
016 7 |a 015351184  |2 Uk 
020 |a 9780754667599 (hardcover : alk. paper) 
020 |a 0754667596 (hardcover : alk. paper) 
020 |a 9780754696346 (ebk.) 
020 |a 0754696340 (ebk.) 
029 1 |a BWK  |b L8829000 
029 1 |a NLGGC  |b 318819937 
035 |a (OCoLC)ocn313078588 
035 |a (OCoLC)313078588 
040 |a DLC  |c DLC  |d BTCTA  |d UKM  |d BWKUK  |d BWK  |d NLGGC  |d UtOrBLW 
043 |a f-sa--- 
049 |a TXAM 
082 0 0 |a 261.7  |2 22 
084 |a 15.80  |2 bcl 
100 1 |a Shore, Megan. 
245 1 0 |a Religion and conflict resolution :  |b Christianity and South Africa's Truth and Reconciliation Commission /  |c Megan Shore. 
264 1 |a Farnham, England ;  |a Burlington, VT :  |b Ashgate Pub. Ltd.,  |c [2009] 
264 4 |c ©2009 
300 |a xviii, 211 pages ;  |c 25 cm. 
336 |a text  |b txt  |2 rdacontent 
337 |a unmediated  |b n  |2 rdamedia 
338 |a volume  |b nc  |2 rdacarrier 
504 |a Includes bibliographical references and index. 
650 0 |a Reconciliation  |x Religious aspects. 
650 0 |a Reconciliation  |x Religious aspects  |x Christianity. 
650 0 |a Conflict management  |x Religious aspects. 
650 0 |a Conflict management  |x Religious aspects  |x Christianity. 
610 1 0 |a South Africa.  |b Truth and Reconciliation Commission. 
650 1 7 |a Verzoening.  |2 gtt 
650 1 7 |a Apartheid.  |2 gtt 
650 1 7 |a Christendom.  |2 gtt 
650 1 7 |a Truth and Reconciliation Commission.  |2 gtt 
651 7 |a Zuid-Afrika.  |2 gtt 
710 1 |a South Africa.  |b Truth and Reconciliation Commission. 
938 |a Baker and Taylor  |b BTCP  |n BK0008431790 
938 |a Blackwell Book Service UK  |b BBUK  |n L8829000  |c 50.00 
945 |a PromptCat  |b 852299 
946 |a stk 
947 |a A14840002497 
994 |a 92  |b TXA 
948 |a cataloged  |b h  |d 2009/12/14  |h c  |e asalazar  |f 3:06:42 pm 
999 |a MARS 
999 f f |s 34229e89-0a3d-3fba-88de-4b7528d472dc  |i 224730ef-a43b-3d09-9c9d-9b7699499652  |t 0 
952 f f |p normal  |a Texas A&M University  |b College Station  |c Sterling C. Evans Library  |d Evans: Library Stacks  |t 0  |e BL476.5 .S56 2009  |h Library of Congress classification  |i unmediated -- volume  |m A14840002497 
998 f f |a BL476.5 .S56 2009  |t 0  |l Evans: Library Stacks